000 00871cab a2200289 4500
001 WB3323-37
008 090401t1997 xxu||||| |||| 00| 0 eng d
035 _a(Sirsi) u78897
041 _aeng
245 _aGovernment moves to decentralise planning
260 _c1997
350 _a0
490 _aFinancial Times
_v12 June 1997, 8(1)
520 _aThe new Government has announced plans that would give a more decentralised planning process, whilst retaining the aims of a more efficient system.
650 _aDECENTRALISATION
650 _aEFFICIENCY
650 _aENVIRONMENTAL PROTECTION
650 _aINFRASTRUCTURE PROJECTS
650 _aPLANNING PROCESS
650 _aPLANNING REFORM
650 _aPLANNING SYSTEM
650 _aREGIONS
650 _aSPEEDING UP
690 _aPLANNING LAW AND PRACTICE
942 _n0
948 _c12/06/1997
999 _c49586
_d49586